00270nam a2200109Ia 4500008004100000100002100041245002500062260001600087650003300103942000700136999001700143190216s9999||||xx |||||||||||||| ||und|| aMuhamed Koya C H 0aNjaan Kanda Maleshya bGreen House aTravalogues-Yathra Vivaranam cBK c24604d24604